University Home | Library Home | Institutional Repository

What the academy taught us : (Record no. 216440)

MARC details
000 -LEADER
fixed length control field 00758 a2200229 4500
005 - DATE AND TIME OF LATEST TRANSACTION
control field 20260415084954.0
008 - FIXED-LENGTH DATA ELEMENTS--GENERAL INFORMATION
fixed length control field 260319b ||||| |||| 00| 0 eng d
020 ## - INTERNATIONAL STANDARD BOOK NUMBER
International Standard Book Number 9781912906260
040 ## - CATALOGING SOURCE
Original cataloging agency LC
Transcribing agency UNZA
Description conventions RDA
050 ## - LIBRARY OF CONGRESS CALL NUMBER
Classification number LB 2822.83 .M6
Item number KAL 2019
100 ## - MAIN ENTRY--PERSONAL NAME
Personal name Kalenze, Eric
Relator term author
245 ## - TITLE STATEMENT
Title What the academy taught us :
Remainder of title improving schools from the bottom up in a top-down transformation era /
Statement of responsibility, etc. Eric Kalenze.
260 ## - PUBLICATION, DISTRIBUTION, ETC.
Place of publication, distribution, etc. Woodbridge :
Name of publisher, distributor, etc. John Catt Educational Ltd,
Date of publication, distribution, etc. 2019.
300 ## - PHYSICAL DESCRIPTION
Extent 400 pages.
336 ## - CONTENT TYPE
CONTENT TYPE Text
337 ## - MEDIA TYPE
MEDIA TYPE Unmediated
338 ## - CARRIER TYPE
CARRIER TYPE Volume
650 ## - SUBJECT ADDED ENTRY--TOPICAL TERM
Topical term or geographic name entry element School improvement programs
Geographic subdivision United States
650 ## - SUBJECT ADDED ENTRY--TOPICAL TERM
Topical term or geographic name entry element Educational change
Geographic subdivision United States
650 ## - SUBJECT ADDED ENTRY--TOPICAL TERM
Topical term or geographic name entry element Public schools
Geographic subdivision United States
General subdivision Reform
942 ## - ADDED ENTRY ELEMENTS (KOHA)
Koha item type Book
999 ## -
-- 216440
-- 216440
Holdings
Withdrawn status Lost status Source of classification or shelving scheme Damaged status Not for loan Collection code Home library Current library Shelving location Date acquired Source of acquisition Cost, normal purchase price Total Checkouts Full call number Barcode Date last seen Copy number Cost, replacement price Price effective from Koha item type
    Library of Congress Classification     Non-fiction Main Library Main Library On Shelf 03/18/2026 Donation 300.00   LB 2822.83 .M6 KAL 2019 33729006810126 03/18/2026 1 300.00 03/18/2026 Book
    Library of Congress Classification     Non-fiction Main Library Main Library On Shelf 03/18/2026 Donation 300.00   LB 2822.83 .M6 KAL 2019 33729006810068 03/18/2026 2 300.00 03/18/2026 Book
    Library of Congress Classification     Non-fiction Main Library Main Library On Shelf 03/25/2026 Donation 300.00   LB 2822.83 .M6 KAL 2019 33729006811165 03/25/2026 3 300.00 03/25/2026 Book
    Library of Congress Classification     Non-fiction Main Library Main Library On Shelf 03/25/2026 Donation 300.00   LB 2822.83 .M6 KAL 2019 33729006811157 03/25/2026 4 300.00 03/25/2026 Book
    Library of Congress Classification     Non-fiction Main Library Main Library On Shelf 03/25/2026 Donation 300.00   LB 2822.83 .M6 KAL 2019 33729006811090 03/25/2026 5 300.00 03/25/2026 Book
© 2026 - The University of Zambia Library - Koha v25.11